LEADER 00936nam0-22003131i-450- 001 990000418610403321 005 20001010 035 $a000041861 035 $aFED01000041861 035 $a(Aleph)000041861FED01 035 $a000041861 100 $a20001010d--------km-y0itay50------ba 101 0 $aita 105 $ay-------001yy 200 1 $a<>CONTRIBUTO del disegno esploso nei processi di ideazione formale$f[a cura di] Mario Oreglia, Secondino Coppo e altri 210 $as.l.$cs.e.$ds.d. 215 $a(12) p.$d30 cm 300 $aIl fascicolo è composto di copie fotostatiche 610 0 $aDisegno 676 $a740 702 1$aOreglia,$bMario 801 0$aIT$bUNINA$gRICA$2UNIMARC 901 $aBK 912 $a990000418610403321 952 $a08 G 73$b138 (AT)$fDINED 959 $aDINED 996 $aCONTRIBUTO del disegno esploso nei processi di ideazione formale$9326939 997 $aUNINA DB $aING01 LEADER 00827nam0-22002531i-450 001 990005047540403321 005 20230331115502.0 035 $a000504754 035 $aFED01000504754 035 $a(Aleph)000504754FED01 100 $a19990530d1879----km-y0itay50------ba 101 0 $aeng 105 $ay---c---001yy 200 1 $a<>stones of Venice$eIntroductory chapters and local indices (printed separately) for the use of travellers while staying in Venice and Verona$fby John Ruskin 210 $aNew York$cT.Y. Crowell and Co.$d[1879?] 215 $aIV, 322 p.$d19 cm 700 1$aRuskin,$bJohn$f<1819-1900>$011255 801 0$aIT$bUNINA$gRICA$2UNIMARC 901 $aBK 912 $a990005047540403321 952 $aP 170 (1)$bFil.Mod.$fFLFBC 959 $aFLFBC 996 $aStones of Venice$9323836 997 $aUNINA